International Journal of Advance in Nursing Management January to December 2020 & January to June -2021 (Record no. 356561)

MARC details
000 -LEADER
fixed length control field 00439nam a22001457a 4500
008 - FIXED-LENGTH DATA ELEMENTS--GENERAL INFORMATION
fixed length control field 231118b |||||||| |||| 00| 0 eng d
022 ## - INTERNATIONAL STANDARD SERIAL NUMBER
International Standard Serial Number 24542652
041 ## - LANGUAGE CODE
Language code of text/sound track or separate title eng
082 ## - DEWEY DECIMAL CLASSIFICATION NUMBER
Edition number 23
Classification number 610.7
Item number DAH
110 ## - MAIN ENTRY--CORPORATE NAME
Corporate name or jurisdiction name as entry element Daharwal, Monika D.
245 ## - TITLE STATEMENT
Title International Journal of Advance in Nursing Management January to December 2020 & January to June -2021
260 ## - PUBLICATION, DISTRIBUTION, ETC.
Place of publication, distribution, etc. Raipur
Name of publisher, distributor, etc. A & V Publication
Date of publication, distribution, etc. 2021
300 ## - PHYSICAL DESCRIPTION
Extent 588P.
942 ## - ADDED ENTRY ELEMENTS (KOHA)
Koha item type Bound Volume
Holdings
Withdrawn status Lost status Source of classification or shelving scheme Damaged status Not for loan Home library Current library Date acquired Total Checkouts Full call number Barcode Date last seen Price effective from Koha item type
    Dewey Decimal Classification     Sitabai Nargundkar College of Nursing Nagpur Sitabai Nargundkar College of Nursing Nagpur 18/11/2023   610.7 DAH SNCN-BV-114 18/11/2023 18/11/2023 Bound Volume